| 000 | 01984cam a2200361 a 4500 | ||
|---|---|---|---|
| 005 | 20031230185550.0 | ||
| 008 | 940308s1993 enkab b 001 0 eng | ||
| 010 | _aENG-101584 B-426515-518 | ||
| 020 |
_a9788125039464 _c195.00 |
||
| 035 | _aEN-85117 B-426515-518 | ||
| 037 | _bDBAD/PUB | ||
| 037 | _bRBC/Ven | ||
| 040 |
_adpl _bEng |
||
| 082 | _a398.20951 | ||
| 100 | 1 |
_922405 _aBirrell, Anne |
|
| 245 | 1 | 0 |
_aChinese myths/ _cby Anne Birell |
| 260 |
_aNew Delhi _bOrient Blackswan _c2010 |
||
| 270 |
_a1/24 Asaf Ali Road _bNew Delhi _e110002 |
||
| 300 |
_a80p.: _c25cm (pbk) _bill, maps |
||
| 490 |
_aThe legendry past _929724 |
||
| 500 | _aIncludes index | ||
| 650 | 0 | _922406 | |
| 700 | _922431 | ||
| 856 | 4 | 2 | _uhttp://www.loc.gov/catdir/description/texas041/93060588.html |
| 856 | 4 | 1 | _uhttp://www.loc.gov/catdir/toc/texas041/93060588.html |
| 942 |
_2ddc _cEN _mBIR _h398.20951 |
||
| 999 |
_c48007 _d48007 |
||